000 00531 a2200205 4500
001 000470
003 OSt
005 20210915150150.0
008
020 _a817319064X
040 _cCURAJ
082 _a515
_bS51F
100 1 _aSomasundaram, D.
245 1 _aA first course in mathematical analysis
_cby D. Somasundaram and B. Choudhary
260 _aNew Delhi
_bNarosa Publication
_c2009
300 _a606p.
690 _aMathematical analysis
700 _aChoudhary, B.
942 _2ddc
_cBK
999 _c7
_d7